Применение технологий WIZWHY для выявления закономерностей адаптации иностранных студентов ТПУ; Молодежь и современные информационные технологии; Ч. 1

מידע ביבליוגרפי
Parent link:Молодежь и современные информационные технологии: сборник трудов VII Всероссийской научно-практической конференции студентов, аспирантов и молодых ученых, Томск, 25-27 февраля 2009/ Томский политехнический университет (ТПУ), Институт "Кибернетический центр".— , 2009
Ч. 1.— 2009.— С. 255-256
מחבר ראשי: Гильмутдинова Е. Р.
מחברים אחרים: Абунавас Х. А. Халед Абдалла
שפה:רוסית
יצא לאור: 2009
נושאים:
פורמט: Book Chapter
KOHA link:https://koha.lib.tpu.ru/cgi-bin/koha/opac-detail.pl?biblionumber=201291

MARC

LEADER 00000naa2a2200000 4500
001 201291
005 20231101225023.0
035 |a (RuTPU)RU\TPU\book\219396 
090 |a 201291 
100 |a 20110922d2009 k y0rusy50 ca 
101 0 |a rus 
102 |a RU 
200 1 |a Применение технологий WIZWHY для выявления закономерностей адаптации иностранных студентов ТПУ  |f Е. Р. Гильмутдинова, Х. А. Абунавас 
320 |a Библиогр.: 6 назв. 
461 1 |0 (RuTPU)RU\TPU\book\209223  |t Молодежь и современные информационные технологии  |o сборник трудов VII Всероссийской научно-практической конференции студентов, аспирантов и молодых ученых, Томск, 25-27 февраля 2009  |f Томский политехнический университет (ТПУ), Институт "Кибернетический центр"   |d 2009 
463 0 |0 (RuTPU)RU\TPU\book\208775  |t Ч. 1  |v С. 255-256  |d 2009  |p 357 с. 
610 1 |a иностранные студенты 
610 1 |a адаптация 
610 1 |a визуализация 
610 1 |a информационные технологии 
610 1 |a труды учёных ТПУ 
700 1 |a Гильмутдинова  |b Е. Р. 
701 1 |a Абунавас  |b Х. А.  |c иорданский ученый, специалист в области прикладной математики  |c аспирант Томского политехнического университета  |f 1969-  |g Халед Абдалла  |2 stltpush  |3 (RuTPU)RU\TPU\pers\25723  |9 11625 
801 1 |a RU  |b 63413507  |c 20110922 
801 2 |a RU  |b 63413507  |c 20111202  |g RCR 
942 |c BK